Pace of Modern Change (Record no. 3767)

MARC details
000 -LEADER
fixed length control field 00620nam a2200241 a 4500
020 ## - INTERNATIONAL STANDARD BOOK NUMBER
ISBN
082 00 - DEWEY DECIMAL CLASSIFICATION NUMBER
Classification number 306.8
Author Cutter OOM
100 ## - MAIN ENTRY--AUTHOR NAME
Author name Oommen, Susie
245 ## - TITLE STATEMENT
Title Pace of Modern Change
Sub title a Study of an Industrial Township.
260 ## - PUBLICATION, DISTRIBUTION, ETC. (IMPRINT)
Place of publication Bangalore
Name of publisher Industrial Team Service
Year of publication 1968
300 ## - PHYSICAL DESCRIPTION
Number of Pages 56p
500 ## - GENERAL NOTE
General note includes index and biblioraphy
505 2# - FORMATTED CONTENTS NOTE
Formatted contents note three parts of first volume
650 ## - SUBJECT ADDED ENTRY--TOPICAL TERM
Topical Term Family
942 ## - ADDED ENTRY ELEMENTS (KOHA)
Koha item type Books
700 1# -
-- Oommen, Susie
Holdings
Collection code Home library Current library Date acquired Cost, normal purchase price Full call number Accession Number Koha item type
  Henry Martyn Institute Library Henry Martyn Institute Library 04/05/2007 100.00 306.8 OOM 06070 Books
                   Copyright © 2026 | Henry Martyn Institute | Hyderabad | TS-500052 | INDIA | Implemented by hmi.edu.in
Hit-Count:

Powered by Koha